|
|
|
|
| LEADER |
00000nab a2200000 a 4500 |
| 001 |
vtls000884809 |
| 003 |
SK-MaSNL |
| 005 |
20260319075339.0 |
| 008 |
160405c2004 xo 0 hun |
| 015 |
|
|
|a SNBRB2004/09-27572
|
| 035 |
|
|
|a CLN000236264
|
| 040 |
|
|
|a SNKBUCL
|b slo
|c SNKBUCL
|e AACR2
|
| 041 |
0 |
|
|a hun
|
| 044 |
|
|
|a xo
|c SK
|
| 080 |
|
|
|a 070(437.6)(=511.141)
|2 1997
|
| 080 |
|
|
|a 070.484(437.6)(=511.141)
|2 1997
|
| 100 |
0 |
|
|a (-jdj-)
|4 aut
|9 870625
|
| 245 |
1 |
0 |
|a <<A>> fókuszban Petőfi
|b megjelent a Gömörország myári száma
|c [szerző] (-jdj-)
|
| 300 |
|
|
|b Fotogr.
|
| 630 |
0 |
7 |
|a Gömörország (časopis)
|y 2004
|x č. 2
|x prehľady
|2 snkbucl
|9 870626
|
| 655 |
|
7 |
|a články z novín a časopisov
|2 snkbucl
|9 267496
|
| 773 |
0 |
|
|t Új szó
|g Roč. 57, č. 195 (23.8.2004), s. 6
|
| 850 |
|
|
|a Slovenská národná knižnica v Martine
|
| 852 |
|
|
|a SNK
|b KIS3GCP
|
| 958 |
|
|
|a HU
|
| 958 |
|
|
|a SK
|
| 958 |
|
|
|a RBX
|
| 999 |
|
|
|c 1390657
|d 1392587
|